Statistiche per Riconosci il Calciatore - Quiz n°829

Clicka qui per fare il quiz!

Statistiche generali

  • Questo quiz è stato fatto 5 volte
  • Il punteggio medio è 6 su 15

Statistiche sulle risposte

IndizioRisposta% Corretto
RuoloAttaccante
100%
NazionalitàSpagna
100%
Squadra di club 1Villarreal C 2019-2020
80%
Squadra di club 2Villarreal 2020-
60%
Data di nascita20/10/2002
40%
Trofei per clubUEFA Europa League: 1
Villarreal: 2020-2021
40%
Trofei individuali0
20%
Presenze in nazionale12
20%
Presenze nei club143
20%
Altezza172 cm
20%
Gol in nazionale2
20%
Gol nei club21
20%
Peso65 kg
20%
Trofei per nazionaliUEFA Nations League: 1
2022-2023
20%
CalciatoreYéremi Pino
20%

Distribuzione punteggi

Percentile per numero di risposta

Percentuale di utenti per punteggio

I tuoi punteggi nel tempo

Non hai fatto questo quiz